000 01081nam a2200277 a 4500
001 000010718
005 20240307073945.0
008 091009s2000 dr 000 0 spa d
040 _aDO-SdBNP
_bspa
_cBNPHU
082 _a370.97293
_bM826e
100 1 _aMoquete, Jacobo
_925913
245 1 0 _aEnsayos sobre la educación dominicana /
_cJacobo Moquete de la Rosa.
260 _aSanto Domingo :
_bUASD,
_c2000.
300 _a202 p. ;
_c21 cm.
490 1 _aPublicaciones de la Universidad Autónoma de Santo Domingo
_v486
490 1 _aEducación y sociedad ;
_v40
500 _aIncluye datos biográficos del autor en la contracubierta
504 _aIncluye bibliografías
590 _aInventariado, 2018/VM
650 4 _aEducación
_zRepública Dominicana
_9737
650 4 _aEducadores
_zRepública Dominicana
_xBiografías
_925925
710 1 2 _aUniversidad Autónoma de Santo Domingo
_972951
830 0 _aPublicaciones de la Universidad Autónoma de Santo Domingo
_n486
_925926
830 0 _aEducación y sociedad ;
_n40
_925927
910 _aValidado. Control de calidad MFF
999 _c10473
_d10473